<?xml version="1.0" encoding="UTF-8"?>
<marc:record xmlns:marc="http://www.loc.gov/MARC21/slim">
   <marc:leader>00000nam a2200000 a 4500</marc:leader>
   <marc:datafield ind1="1" ind2=" " tag="100">
      <marc:subfield code="a">Markogiannakis, Christos</marc:subfield>
      <marc:subfield code="4">aut</marc:subfield>
      <marc:subfield code="e">Verfasser/-in</marc:subfield>
   </marc:datafield>
   <marc:datafield ind1=" " ind2=" " tag="653">
      <marc:subfield code="a">MORD</marc:subfield>
   </marc:datafield>
   <marc:datafield ind1=" " ind2=" " tag="653">
      <marc:subfield code="a">PARTY</marc:subfield>
   </marc:datafield>
   <marc:datafield ind1=" " ind2=" " tag="653">
      <marc:subfield code="a">Griechenland</marc:subfield>
   </marc:datafield>
   <marc:datafield ind1=" " ind2=" " tag="653">
      <marc:subfield code="a">KRIMI</marc:subfield>
   </marc:datafield>
   <marc:datafield ind1=" " ind2=" " tag="653">
      <marc:subfield code="a">GEHEIMNIS</marc:subfield>
   </marc:datafield>
   <marc:datafield ind1=" " ind2=" " tag="653">
      <marc:subfield code="a">INSEL</marc:subfield>
   </marc:datafield>
   <marc:datafield ind1=" " ind2=" " tag="653">
      <marc:subfield code="a">JOURNALISTIN</marc:subfield>
   </marc:datafield>
   <marc:datafield ind1="0" ind2="0" tag="245">
      <marc:subfield code="a">Mord unter griechischer Sonne</marc:subfield>
   </marc:datafield>
   <marc:datafield ind1="0" ind2="0" tag="245">
      <marc:subfield code="b">Kriminalroman</marc:subfield>
   </marc:datafield>
   <marc:datafield ind1="0" ind2="0" tag="245">
      <marc:subfield code="c">Christos Markogiannakis</marc:subfield>
   </marc:datafield>
   <marc:datafield ind1=" " ind2="1" tag="264">
      <marc:subfield code="a">Zürich</marc:subfield>
      <marc:subfield code="b">Oktopus</marc:subfield>
      <marc:subfield code="c">2022</marc:subfield>
   </marc:datafield>
   <marc:datafield ind1="1" ind2=" " tag="520">
      <marc:subfield code="a">Ein spätes Frühstück, ein Sprung ins türkisblaue Meer, eine Siesta am Mittag, Partys in der Nacht: Auf der griechischen Trauminsel Nissos will der Athener Kriminalkommissar Christophoros Markou gefühlte zwölf Monate Schlafmangel nachholen, verstörende Fälle und eine gescheiterte Liebesaffäre hinter sich lassen. Markous Sommertraum endet jäh, als auf einer Party die Leiche einer englischen Journalistin entdeckt wird. Noch dazu zieht ein Sturm auf, kein Helikopter kann auf der Insel landen, kein Schiff anlegen. Markou weiß: Auch der Mörder kann die Insel nicht verlassen. Und als Täter kommen nur die fünfzehn Partygäste infrage: wohlhabende Jetsetter aus aller Welt. Viele von ihnen hatten ein Interesse daran, Lucy Davis aus dem Weg zu räumen. Denn sie schrieb gerade an einem Enthüllungsroman, in dem es um sie alle ging &#x96; und ihre dunkelsten Geheimnisse. Wobei auf einer kleinen Insel ein Geheimnis nie lange ein Geheimnis bleibt.</marc:subfield>
   </marc:datafield>
   <marc:datafield ind1=" " ind2=" " tag="020">
      <marc:subfield code="a">9783311300342</marc:subfield>
      <marc:subfield code="9">9783311300342</marc:subfield>
   </marc:datafield>
   <marc:datafield ind1=" " ind2=" " tag="020">
      <marc:subfield code="a">3311300343</marc:subfield>
      <marc:subfield code="9">3311300343</marc:subfield>
   </marc:datafield>
   <marc:datafield ind1=" " ind2=" " tag="500">
      <marc:subfield code="a">aus dem Englischen von Sepp Leeb</marc:subfield>
   </marc:datafield>
   <marc:datafield ind1=" " ind2=" " tag="300">
      <marc:subfield code="a">320 Seiten</marc:subfield>
   </marc:datafield>
</marc:record>
